000 00342 a2200133 4500
005 20250629090649.0
020 _a978-84310-2-2
082 _a337.1 MAN.
100 _aMANGACHI, W. M.
245 _aRegional Interaction In Africa
260 _aAbuja,
_bSafari Books Limited,
_c2000.
300 _axxi.; 258p.
_bAppendix,
_c22cm.
942 _2ddc
_cBKS
999 _c6216
_d6216